El puerto de Talcahuano y sus obras de mejoramiento

محفوظ في:
التفاصيل البيبلوغرافية
المؤلف الرئيسي: Fagalde, Alberto (مؤلف)
مؤلفون آخرون: Cavieres Figueroa, Eduardo Lincoyán (autor)
التنسيق: كتاب
اللغة:الإسبانية
منشور في: Santiago Biblioteca Nacional 2012
Santiago Pontificia Universidad Católica de Chile 2012
Santiago Cámara Chilena de la Construcción 2012
الطبعة:1a. ed
سلاسل:Biblioteca Fundamentos de la Construcción de Chile, 72
الموضوعات:
الوسوم: إضافة وسم
لا توجد وسوم, كن أول من يضع وسما على هذه التسجيلة!

MARC

LEADER 00000cam a2200000 a 4500
001 UCF9789
003 CL-VaPUC
008 131213e20120000cl |||||||||||||||||spa|d
020 |a 9789568306946 
082 0 4 |a 387.10983  |b FAG  |2 21 
100 0 |a Fagalde, Alberto  |e author  |9 572202 
700 |a Cavieres Figueroa, Eduardo Lincoyán  |e autor  |9 884614 
245 1 3 |a El puerto de Talcahuano y sus obras de mejoramiento 
250 |a 1a. ed 
300 |a 247 p 
942 |c BK 
945 |d 20131213 11:12:00  |a dcastane 
260 |a Santiago  |b Biblioteca Nacional  |c 2012 
260 |a Santiago  |b Pontificia Universidad Católica de Chile  |c 2012 
260 |a Santiago  |b Cámara Chilena de la Construcción  |c 2012 
650 0 |a Puertos  |9 260105 
650 0 |a Historia de Chile siglos 19 y 20  |9 546545 
651 7 |a TALCAHUANO  |2 CL-VaPUC  |9 315380 
583 |a last modification  |c 20131213 11:12:00  |k Rodrigo Vera 
490 0 |a Biblioteca Fundamentos de la Construcción de Chile, 72 
999 |c 354199  |d 354197 
952 |0 0  |1 0  |3 erb  |4 0  |6 387_109830000000000_FAG_2012_2012_2012  |7 0  |8 A  |9 459882  |a BIBHIS  |b BIBHIS  |i 5034132  |o 387.10983 FAG 2012 2012 2012  |p 5034132  |r 2025-01-20  |w 2019-11-23  |y BK  |z Catalogado en:20131213  |k HIS